| 000 | 01002nam a22003017a 4500 | ||
|---|---|---|---|
| 003 | CHAP | ||
| 005 | 20220329143506.0 | ||
| 008 | 100203s1964 us a r 00010 eng d | ||
| 010 | _a97470 | ||
| 011 | _a98442 | ||
| 035 | _a109127 | ||
| 040 | _cCHAP | ||
| 090 | _aFolleto 17489 | ||
| 100 | 1 |
_aSouthwick, Richard A _9108989 |
|
| 245 | 1 | 0 |
_aProcessing of machine-harvested stalk tobacco _c/by Richard A. Southwick and William G. Colby |
| 260 |
_aAmherst : _bCollege of Agriculture, University of Massachusetts, _c[1964] |
||
| 300 | _a16 p. | ||
| 490 | 0 |
_aMassachusetts Agr. Exp. Sta. Bull _v; 542 |
|
| 590 |
_aBATCH-UPD _b10 _c20130110 _lUCH01 _h1925 |
||
| 590 |
_aCONVERSION _b10 _c20130109 _lUCH01 _h1354 |
||
| 650 | 1 | 4 |
_aTabaco _xIndustria. _9111223 |
| 650 | 1 | 4 |
_aTabaco _xProcesado. _9111238 |
| 700 | 1 |
_aColby, William G _924614 |
|
| 830 | 0 |
_aMassachusetts Agr. Exp. Sta. Bull _v; 542 _972804 |
|
| 901 | _aBK | ||
| 942 | _cFOLL | ||
| 949 |
_aFolleto 17489 _bBC _cFOLL _d33724002129900 _eTS1 _i109127 _sb |
||
| 999 |
_c97470 _d97470 |
||